| 000 | 00473nam a22001697a 4500 | ||
|---|---|---|---|
| 005 | 20251108171801.0 | ||
| 008 | 250721s1993 xx 000 0 ara d | ||
| 082 | 1 | 4 | _aط/216.24/عبد |
| 100 | 1 | _aعلواني، عبد الواحد | |
| 245 | 1 | 0 | _aو أما السائل فلا تنهر / |
| 264 | 1 |
_aدمشق : _bدار الفكر، _c1993. |
|
| 300 | _a22ص | ||
| 490 | 0 | _aحديقة الإيمان | |
| 650 | 1 | 7 | _aالزكاه |
| 942 |
_2ddc _cBK |
||
| 999 |
_c62412 _d62412 |
||